Bibliotečna orbita informacijnoho suspil'stva do 60-riččja zasnuvannja Zakarpats'koji oblastnoji universal'noji naukovoji biblioteky

Bibliographic Details
Format: Book
Language:Ukrainian
PhysicalDescription:374 s. fotogr. (prevažne fareb.) 25 cm
Published: Užhorod Vydav. V. Padjaka 2005
ISBN:9667878889 (brož.)
Subjects:

MARC

LEADER 00000cam a2200000 a 4500
001 vtls009139189
003 SK-MaSNL
005 20260301125119.0
008 160627s2005 un o g 000 0 ukr
020 |a 9667878889 (brož.)  |c 300.00 
035 |a SKPK45108 
040 |a SNK  |b slo  |c SNK  |e AACR2 
041 0 |a ukr 
043 |a e-un--- 
044 |a un  |c UA 
072 7 |a 027  |x Univerzálne knižnice. Verejné knižnice  |2 konspekt 
080 |a 027.021  |2 2001 
080 |a 021  |2 2001 
080 |a (477)  |2 2001 
080 |a (058)  |2 2001 
245 0 0 |a Bibliotečna orbita informacijnoho suspil'stva  |b do 60-riččja zasnuvannja Zakarpats'koji oblastnoji universal'noji naukovoji biblioteky  |c [ukladač Nadija Pančuk] 
260 |a Užhorod  |b Vydav. V. Padjaka  |c 2005 
300 |a 374 s.  |b fotogr. (prevažne fareb.)  |c 25 cm 
610 2 7 |a Zakarpats'ka oblasna universal'na naukova biblioteka (Užhorod, Ukrajina)  |2 SNKKA  |9 474586 
648 7 |a 21. stor.  |2 SNKPH  |9 304714 
650 0 7 |a vedecké knižnice  |2 SNKPH  |9 49795 
650 0 7 |a činnosť knižníc  |2 SNKPH  |9 66620 
651 7 |a Užhorod (Ukrajina)  |2 SNKPH  |9 26707 
651 7 |a Ukrajina  |2 SNKPH  |9 168045 
655 7 |a ročenky  |2 SNKPH  |9 57146 
919 |a 966-7878-88-9 
999 |c 741450  |d 743380 
952 |a SNK  |b SNK  |y VYP  |7 0  |p 17A0687451  |o snkIC 139365  |i snk2011/2351  |8 0  |g 12.24  |0 0  |1 0  |4 0  |d 2011-01-26  |l 0  |r 2026-02-23 23:02:15  |w 2026-02-23